Poistenie podnikateľských rizík
Riziká vznikajúce pri výkone podnikateľskej činnosti. Riziko vzniku straty. Podnikateľ ako rizikový manažér. Klasifikácia rizík z hľadiska ich poistiteľnosti. Poistenie ako spôsob zabezpečenia sa pred stratami z podnikania. Výber vhodného poistiteľa. Poistenie kryjúce podnikateľské riziká. Dôležité...
Salvato in:
| Autore principale: | |
|---|---|
| Natura: | Capitolo di libro |
| Lingua: | slovacco |
| Soggetti: | |
| Tags: |
Nessun Tag, puoi essere il primo ad aggiungerne!!
|
MARC
| LEADER | 00000naa a2200000 4500 | ||
|---|---|---|---|
| 001 | r040268 | ||
| 005 | 20230919091623.9 | ||
| 041 | 0 | |a slo | |
| 044 | |a SK | ||
| 245 | 1 | 0 | |a Poistenie podnikateľských rizík |c Imrich Fekete |
| 520 | |a Riziká vznikajúce pri výkone podnikateľskej činnosti. Riziko vzniku straty. Podnikateľ ako rizikový manažér. Klasifikácia rizík z hľadiska ich poistiteľnosti. Poistenie ako spôsob zabezpečenia sa pred stratami z podnikania. Výber vhodného poistiteľa. Poistenie kryjúce podnikateľské riziká. Dôležité poistenia. Špecifické poistenia. Poistné ako daňový výdavok podnikateľa. | ||
| 610 | 2 | 0 | |a riziko podnikateľské |
| 610 | 2 | 0 | |a riziko |
| 610 | 2 | 0 | |a klasifikácia |
| 610 | 2 | 0 | |a poistenie rizikové |
| 610 | 2 | 0 | |a podnikanie |
| 610 | 2 | 0 | |a strata |
| 610 | 2 | 0 | |a poistné |
| 610 | 2 | 0 | |a náklady daňové |
| 100 | 1 | |a Fekete, Imrich | |